[Event "Open de Gatineau"]
[Site "Gatineau"]
[Date "2024.05.26"]
[Round "5"]
[White "Batorshyn, Ilia"]
[Black "Han, Johnathan"]
[Result "0-1"]
[WhiteElo "2241"]
[BlackElo "2407"]
[Annotator "Johnathan Han"]
[PlyCount "140"]
[EventDate "2024.05.??"]
[EventType "swiss"]
[EventCountry "CAN"]
[SourceTitle "Chess Canada '24.08"]
[Source "CFC/John Upper"]
[SourceDate "2024.08.27"]
[SourceVersion "1"]
[SourceVersionDate "2024.08.21"]
[SourceQuality "1"]
[BlackTeam "2407"]

{[%evp 0,140,20,23,15,-14,25,28,30,30,34,15,22,-8,6,2,-14,-28,-29,-23,-17,-34,
-28,-52,-46,-48,-48,-36,-28,-37,-45,-31,-47,-27,-28,-23,-28,-87,-52,-49,-58,
-58,-31,-22,-30,-39,-39,-39,-15,-23,-39,-35,-15,-15,-17,-15,-24,-14,-44,-44,
-45,-50,-41,-38,-46,-53,-41,-65,-53,-67,-67,-77,-73,-83,-94,-90,-95,-96,-88,
-82,-86,-81,-81,-72,-80,-82,-100,-95,-106,-79,-95,-115,-101,-109,-126,-119,
-118,-139,-102,-108,-95,-105,-95,-86,-94,-72,-73,-77,-77,-86,-33,-35,-35,-67,
-74,-113,-136,-174,-249,-249,-351,-360,-497,-497,-507,-507,-497,-507,-517,-527,
-527,-527,-527,-557,-557,-1012,-1022,-1022,-1032,-1469,-28664,-29971,-29976]
Going into the final round, my opponent was on 3.5/4 and I was on 4/4. There
was another player on 3.5/4, but lost pretty quickly so I knew that a draw
would win the tournament.} 1. d4 Nf6 2. Bg5 e6 3. e4 h6 4. Bxf6 Qxf6 5. c3 {[#]
} d5 ({The main line is} 5... d6 6. Bd3 e5 (6... Qg5 7. Nf3 Qxg2 8. Rg1 Qh3 {
The alternative is this line but I wanted to play it safe as I thought I could
easily lose in this position.}) 7. Ne2 {but White goes for a quick castles and
f4 which I didn't really like.}) 6. e5 (6. Bd3 {Keeping the tension is better
since 6.e5 turns into a good French defense for black.} c5 7. Nf3 $11) 6... Qd8
7. Nf3 c5 $15 {[#] Since there has already been a minor piece trade, black's
development is very natural as the bishop and the knight usually fight for the
e7 square in a normal French.} 8. Be2 Nc6 9. O-O Qb6 10. Na3 {[#]} Be7 (10...
cxd4 {Black usually should play this move after white moves the b1 knight,
since the knight now can't go to c3. This also prevents white from playing
dxc5 which an interesting pawn structure that black doesn't have to allow.}) ({
Of course, don't play} 10... Qxb2 $2 11. Nb5 $16) 11. Qd2 (11. dxc5 Bxc5 12.
Qd2 {Now, instead of a good french, it is a completely different pawn
structure that is more imbalanced.}) 11... cxd4 {Now I see white has the
option of playing dxc5 if I castle immediately.} (11... O-O 12. dxc5 Bxc5 13.
Nb5 $15 {Black is slightly better but there's no reason to allow this pawn
structure with the knight coming to d4.}) 12. cxd4 O-O 13. Nc2 {[#]} f6 $2 (
13... Bd7 14. Ne3 {I was scared of some quick Ng4 and possibly Nxh6 so I
decided to open the position with 13... f6. However, I have enough queenside
counterplay that it shouldn't be a problem.} Rfc8 15. Ng4 Qb4 16. Qe3 h5 17.
Nh6+ Kf8 $17 {and there shouldn't be that much danger.}) 14. exf6 Bxf6 $11 15.
Rfd1 {My opponent was trying to go for a kingside attack.} ({White can also
try to expand on the queenside with} 15. b4 Bd7 16. a4 {and black has to
prevent a5 and b5 with something like} a6) 15... Bd7 {With the idea of a quick
...Be8-g6.} 16. Ne3 Be8 17. Ng4 Bg6 18. Bd3 $2 {[%mdl 64] [#] Critical
Position: Is ...Bh5 any good?} Be4 {I thought white was forced to trade off a
lot of pieces and I knew it would be at least a draw.} (18... Bh5 $142 $1 $17 {
I immediately rejected this move because of} 19. Nxh6+ {but after} Kh8 $8 $19 {
White's pieces are extremely uncoordinated and white also has many loose pawns.
}) 19. Bxe4 ({White could've tried to keep more pieces on the board with} 19.
Qe3 Bxf3 20. Qxe6+ Kh8 21. gxf3 Nxd4 22. Qxd5 Ne6 $11 {is still equal, but
this could be scary for me.}) 19... dxe4 20. Nxf6+ ({Not} 20. Nfe5 $2 Bxe5 21.
Nxe5 Nxe5 22. dxe5 Rad8 23. Qe2 Rd3 $15 {and suddenly black's pieces are very
active.}) 20... Rxf6 21. Ne5 $11 Nxe5 22. dxe5 Rf5 23. Qd4 Qxd4 24. Rxd4 Raf8 {
[#]} 25. Rf1 $6 (25. Rd2 Rxe5 26. Re1 $11 {white will be able to win back the
pawn and it should be equal. The game continuation is still equal but I
definitely have some chances to win.}) 25... e3 26. f4 (26. f3 {may have been
an easier draw.} Rxe5 27. Rc1 {White should be able to bring the king to e2
and win the pawn.}) 26... g5 27. g3 gxf4 {[#]} 28. gxf4 ({There was probably
an easier way to draw the game with} 28. Rdxf4 Rxf4 29. Rxf4 Rd8 30. Kf1 Rd2
31. Rb4 b6 32. h4 h5 $11 {Looks somewhat scary with the pawn on e3, but black
has no way to make progress.}) 28... e2 29. Re1 Rxf4 30. Rxf4 Rxf4 31. Rxe2 Kf7
{With best play, this endgame should be a draw, but I have the more active
rook and king black should have some chances.} 32. Rc2 Kg6 33. Rc7 {[#]} Rf7 ({
I should have stayed active with} 33... Rb4 34. b3 h5 $15 {and it remains hard
for white to defend e5}) 34. Rc3 $6 ({Right idea, but} 34. Rc2 {prevents my
next move} Kg5 35. Rg2+ {and the black K can't go to the f-file without Rf2+.})
{White should give up a pawn to keep there rook active} 34... Kg5 $1 $15 {
Threatening ...Kf4 and white will lose a pawn at least. Again, with best play,
it was probably _still_ a draw, but now I know I might have some chances.} 35.
Rc2 Rd7 36. Rf2 $1 {White's only chance of creating counterplay.} Rd5 37. Rf7
Rd1+ 38. Kf2 Rd2+ {[#]} 39. Kg3 (39. Ke3 $1 {also should lead to a draw} Rxb2
40. Rf6 Rxh2 41. a3 $3 {If my opponent saw this move, I believe he would have
played it because it is much simpler to calculate than the game continuation.
The point being that after} ({not} 41. Rxe6 $4 Kf5 42. Re7 Rxa2 $19) 41... Rh3+
42. Kd4 Rxa3 43. Rxe6 {Black can't play} Kf5 {due to} 44. Rf6+ {and white's
e-pawn should be able to at least draw the game.}) 39... Rxb2 40. h4+ Kh5 41.
Rf6 Rb6 $15 {[#] I was able to win a pawn but I saw how white could draw the
game.} 42. Kf4 $4 (42. a4 $1 {White needed to stop me from pushing my pawns on
the queenside.} Ra6 43. a5 $1 b5 (43... Rxa5 44. Rxe6 $11 {Even though white
is down a pawn, the e5 pawn is so advanced that black has no winning chances.})
44. axb6 Rxb6 45. Rf7 a5 46. Ra7 Rb5 47. Kf4 Kxh4 48. Ra6 $11 {White will win
the e6 pawn and most likely trade it for one of black's pawns.}) 42... Ra6 $19
{Even thought my position is somewhat paralyzed, it also means that if white
ever moves his rook, I should be able to play ...Kxh4.} 43. Ke3 b5 44. Kd4 Rc6
45. Rf7 {[#]} a6 ({Not sure why I didn't go for} 45... Kxh4 46. Rxa7 Rc4+ 47.
Ke3 Kg5 $19) 46. Rf6 b4 47. Kd3 a5 48. Kd2 a4 49. Rf4 {[#]} Rb6 $4 {I wasn't
too low on time, but I mssed 53.Rf6 in the game continuation, which is why I
played this whole variation. It might still be winning, but I should have
spent some more time and seen the much simpler 49.b3:} (49... b3 $1 50. axb3
axb3 51. Rb4 Rc2+ $1 52. Kd3 Rh2 $19 {is much more trivial.}) 50. Kc2 b3+ $4 {
Again, I simply thought this move was winning.} (50... Rb5 51. Kb2 a3+ 52. Kb3
Rxe5 53. Kxb4 Re3 $19) 51. axb3 axb3+ 52. Kb2 Rb5 {[#]} 53. Rf6 $8 $11 {
The move I'd missed.} Rxe5 (53... Rb6 54. Rf4 $8 $11) 54. Kxb3 Kxh4 (54... Re4
55. Kc3 e5 56. Kd3 Rxh4 57. Rf5+ $11 {White is just in time to win back a pawn.
}) 55. Rxh6+ Kg5 {[%mdl 64] [#] Critical Position} 56. Rh8 $4 (56. Rh1 $1 $11
Rc5 57. Re1 {White's rook should go in front of the pawn. Black's pawn is too
little advanced and the white king is close enough that white will continue
keeping pressure on the e6 pawn. If black ever puts there rook behing the pawn,
then white will bring in their king.} Kf6 58. Kb4 Rc8 59. Rf1+ Kg5 60. Re1 Kf5
61. Rf1+ Kg4 62. Re1 Re8 63. Kc4 $11) ({editor - the even less natural} 56. Rh2
{is the only other move that draws} Rc5 57. Re2 e5 58. Kb4 $8 $11) 56... Rc5 $8
$19 {Just like in game 3 against Ryan Sowa, the same idea wins: cutting off
the king. Now white is too slow if he tries to go Rh1-e1.} 57. Rf8 (57. Rh1 e5
58. Re1 Kf4 $19 {and now the pawn is too advanced} 59. Rf1+ Ke3 60. Re1+ Kf2
61. Re4 Kf3 62. Re1 e4 $19) 57... e5 58. Rf1 e4 59. Rg1+ Kf4 60. Rf1+ Kg3 61.
Re1 Kf3 62. Rf1+ Ke2 63. Rf7 {[#] editor - the rest is the Lucena win.} e3 64.
Re7 Kd2 65. Rd7+ Ke1 66. Re7 e2 67. Kb2 Kd2 68. Rd7+ Ke3 69. Re7+ Kd3 70. Re8 (
70. Rd7+ Ke4 71. Re7+ Re5 {is the textbook Lucena finish.}) 70... Rc4 {With
this win, I was able to win the tournament with 5/5. This last game was
definitely not very good, but due to the tournament circumstance, I think I
played it safe once I knew I didn't have any chances to lose.} 0-1

[Event "Maplewood Qualifier"]
[Site "?"]
[Date "2024.05.31"]
[Round "1"]
[White "Atanasov, Anthony"]
[Black "Libersan, Thierry"]
[Result "1-0"]
[WhiteElo "2489"]
[BlackElo "2026"]
[Annotator "Anthony Atanasov"]
[PlyCount "49"]
[EventDate "2024.06.01"]
[SourceTitle "Chess Canada '24.08"]
[Source "CFC/John Upper"]
[SourceDate "2024.08.27"]
[SourceVersion "1"]
[SourceVersionDate "2024.08.21"]
[SourceQuality "1"]

{[%mdl 32768][%evp 0,49,39,36,51,41,34,34,34,55,55,20,47,20,56,58,48,29,64,43,
60,51,48,55,66,61,74,75,71,82,83,52,64,48,74,52,33,37,44,41,152,43,79,71,511,
525,612,588,693,693,693,693] In round 1, I had the white pieces vs a 1950 FIDE.
I knew in order to finish in the top 3 I'd need to score wins against the
lower rated players, so I decided to take a fairly ambitious approach to the
opening.} 1. e4 c5 2. Nf3 e6 3. d4 cxd4 4. Nxd4 Nc6 5. a3 $5 {[#] A rare move,
but it has a point. Delaying Nc3 allows white to choose between c4, Nc3, or
even Nxc6 based on black's response. Perhaps if black plays something critical
here they could achieve a decent game, but the more natural moves (e.g. the
game continuation) seem to let White get what they are hoping for with 5. a3.}
({To better understand 5.a3, let's see what happens if White plays the same
way as in the game, but without inserting a3:} 5. Nc3 Qc7 6. Be3 a6 7. f4 b5 $1
{In the game (move 8), this move wouldn't have been any good due to e4-e5,
hitting the knight on f6. But here, black gets away with ...b5, and gets a
fine position.}) 5... Nf6 (5... Qc7 6. Be3 a6 (6... Nf6 7. Nc3 {Transposes to
the game}) 7. c4 $14) 6. Nc3 Qc7 7. Be3 a6 8. f4 {[#]} d6 {Black has now
entered a Scheveningen-like position, which may be unfamiliar to a Taimanov
player.} (8... Nxd4 {can be punished by} 9. Bxd4 $1 Qxf4 10. g3 {when e4-e5
and Ne4 will come next.}) 9. Qf3 Bd7 10. Bd3 {The engine prefers to instead
castle queenside and go for the attack, which is even more deadly. However, I
think this approach is totally fine as well.} (10. O-O-O {and g4 next puts
black in a lot of trouble.}) 10... Be7 11. O-O h5 $6 12. h3 h4 {[#] Black has
prevented g4, but in doing so has created a major weakness. The h4 pawn is
going to be indefensible in the long run.} 13. Qf2 Nh5 $2 {Allows Nf3, after
which black is borderline lost.} (13... Nxd4 {is probably a better try, though
it's not too appealing either} 14. Bxd4 Bc6 15. e5 Nh5 {Black can at least
hold on for the time being.}) 14. Nf3 Ng3 15. Rfe1 b5 {[#]} 16. a4 $2 (16. Ne2
$1 {After this simple move black's position is dreadful.} Nxe2+ 17. Rxe2 {
Black's king will have nowhere to go, as the h4 weakness prevents 0-0, whereas
0-0-0 runs directly into an attack.}) 16... b4 $2 {Black misses a chance to
recover.} ({The counterintuitive} 16... bxa4 $1 {didn't really occur to me
until after I played a4. After} 17. Rxa4 Qb7 {suddenly b2 is hit and ...Nb4 is
coming. If anyone's pressing now, it's probably black!}) 17. Nd5 $2 {A pretty
standard idea in these positions, but Ne2 was a lot better.} (17. Ne2 Nxe2+ 18.
Rxe2 $18) 17... exd5 18. exd5 Na7 $2 ({Simply giving back the material was
black's best choice:} 18... O-O $1 {Now white's advantage is minimal.} 19. dxc6
Qxc6 {A possible ...Bf5 could be good for black in the future.}) 19. Bd4 {
Black's pieces have very poor coordination.} Kf8 {[%mdl 64] [#]  Critical
Position White has played a standard Nd5 sac against a Sicilian, but now what?
White now has two tempting options: Bxg7+ followed by Rxe7, or Rxe7 followed
by Bxg7.} 20. Bxg7+ $4 {The wrong choice - although black's defense is not
obvious at all.} (20. Rxe7 $8 $18 Kxe7 21. Bxg7 Bf5 (21... Rhg8 22. Qe1+ $1 Kd8
23. Bf6+ Kc8 24. Bxa6+ Kb8 25. Qxb4+) 22. Re1+ Kd7 23. Qxg3 $3 hxg3 (23... Bxd3
24. Qg4+ f5 25. Qg6 $18) 24. Bxf5+ Kd8 25. Bf6+ $18) 20... Kxg7 $8 $11 21. Rxe7
{[#]} Nc8 $4 (21... Kf8 $8 {Moving the king back to its previous square was
Black's only defense, parrying the Qd4+ threat while hitting the rook on e7.
This move didn't occur to either of us during the game.} 22. Qd4 Rh6 $8 (22...
Kxe7 $2 23. Re1+ Be6 24. Rxe6+ $18) 23. Ng5 ({editor -} 23. Rae1 Nc8 $8 24. Bh7
$3 {threat: Qh8 mating} Rxh7 25. Ng5 $8 Nxe7 26. Nxh7+ $11 Kg8 27. Nf6+ Kf8 $8
28. Nh7+ $11) 23... Kxe7 24. Qg7 $8 Qb6+ 25. Kh2 Qe3 $13) 22. Qd4+ Kg8 23. Rxf7
Qa7 24. Rg7+ $1 {[#] Now the h8 rook hangs. It was important to see this idea
before playing 20. Bxg7+.} Kf8 25. Rxd7 {White gets the piece back with a huge
material and positional advantage. Black resigned. A shaky start to the
tournament, despite obtaining an opening   advantage.} 1-0

[Event "Maplewood Qualifiier"]
[Site "?"]
[Date "2024.06.01"]
[Round "2"]
[White "Emannuel, Kot"]
[Black "Atanasov, Anthony"]
[Result "0-1"]
[WhiteElo "2245"]
[BlackElo "2489"]
[Annotator "Anthony Atanasov"]
[PlyCount "80"]
[EventDate "2024.06.01"]
[SourceTitle "Chess Canada '24.08"]
[Source "CFC/John Upper"]
[SourceDate "2024.08.27"]
[SourceVersion "1"]
[SourceVersionDate "2024.08.21"]
[SourceQuality "1"]

{[%mdl 32768][%evp 0,80,18,18,10,11,23,29,32,37,34,28,55,50,90,94,113,35,35,33,
26,14,14,-10,31,1,0,-17,-17,-25,-25,-21,-21,-21,12,-56,-43,-56,-17,1,3,-8,6,
-54,-43,-49,-61,-61,-65,-65,-65,-34,-33,-41,-46,-29,-31,-35,-44,-46,-46,-122,
-120,-126,-121,-120,-120,-183,-185,-174,-134,-182,-141,-165,-178,-192,-194,
-219,-223,-258,-260,-315,-298] In this game I had the black pieces vs another
lower rated player. My strategy was to generally keep pieces on the board and
to try to outplay my opponent in the middlegame.} 1. e4 e5 2. Nf3 Nf6 {In my
opnion, the Petrov -- despite its reputation -- is actually a surprisingly
good choice for must-win games. I find that the resulting positions are
usually complex enough for the stronger player to outplay their opponent.} 3.
Nxe5 d6 4. Nf3 Nxe4 5. Nc3 Nf6 (5... Nxc3 {is the main move here, and for good
reason - it's generally considered to be more accurate than ...Nf6, though
both moves are playable.}) 6. d4 {[#]} g6 {A fairly uncommon move. It has been
played by GM Aleksandr Rakhmanov a couple times with relative success. I
played this move hoping to get White out of book.} (6... Be7 {is perhaps a
better choice if Black is fine with a draw.}) 7. Bd3 ({editor - here, the
computer suggests this odd-looking maneuver:} 7. Qe2+ Qe7 8. Be3 Bg7 9. O-O-O
O-O 10. Qd2 $14 {when White's "triangulation" with the Q has put it on a
useful square while luring the Black Q to a less useful one. It's not a
maneuver that would likely occur to someone who hadn't seen this opening, but
11 days after this game was played it was used against a GM who regularly
plays this ...g6 Petroff line:} Bg4 11. h3 Bxf3 12. gxf3 d5 13. h4 c6 14. f4 (
14. Ne2 $142) (14. Bg5 $142) 14... Nbd7 15. f5 $14 {Vokhidov,S (2624)-Indjic,A
(2602) Tashkent UzChess Challengers 2024 (7) 1-0 Black later equalized, but
blundered in time pressure in:}) 7... Bg7 8. O-O O-O 9. h3 {[#] This is
totally fine, but ...Bg4 wasn't really a big concern since after h3 black
would either have to retreat or give white the two bishop advantage.} (9. Re1 {
might have been a tiny bit more accurate.}) 9... a6 {Playing the waiting game.
With this move I was hoping to provoke a4, which I thought would be slightly
weakening. That said, this move is not objectively best, since black doesn't
really want to play b5 anyway, as it is rather comittal.} 10. Ne2 (10. Bg5 h6
11. Bxf6 $1 {works for concrete reasons:} Bxf6 12. Nd5 Bg7 13. Re1 Nc6 14. c3 {
Black's position is quite miserable, as there is no clear way to develop the
rest of the pieces.}) 10... Re8 11. Ng3 c5 12. c3 Nc6 {[#] I already started
to prefer my position here. White's last few moves haven't done a whole lot
and now black will complete devlopment with no problems.} 13. dxc5 (13. Be3 {
isn't a very fun move to play as it runs into ...Nd5 ideas, but it was perhaps
white's best approach.}) 13... dxc5 14. Be3 b6 15. Qc2 Qc7 16. Rfe1 {[#]} Nd5
$6 {A small innacuracy, as I overlooked a possibility that white had.} 17. Bd2
(17. Bg5 Bb7 18. Qd2 $1 {prevents the bishop from being kicked out with ...h6.
The g5 bishop is quite annoying for black, as it prevents ...Rad8. editor -
and guarding d8 with} f6 $2 {loses to} 19. Bc4 $1 $18) 17... Bb7 18. Be4 Nf4 (
18... Nf6 {I don't remember why I didn't just play this move (maybe I
overlooked it?). White now has to either give up the bishop pair or go back to
d3.} 19. Bd3 Ne7) 19. Rad1 Re7 20. Qc1 Bh6 {[#] My last few moves have been
quite dubious. This type of overly ambitious play would get punished at higher
levels.} 21. Nh2 {Misses a chance for an advantage.} (21. h4 $1 {followed by
Ng5 and black's position is higly uncomfortable.}) 21... f5 {Forced, otherwise
Ng4 would come.} 22. Bd5+ Nxd5 23. Bxh6 Rxe1+ 24. Rxe1 Ne5 {[#]} 25. Qd2 (25.
c4 $5 {Was an interesting alternative that would force black to enter
complications.} Nd3 26. Qd2 Nxe1 27. cxd5 {Analysis Diagram [#]  Regardless of
what black does here, the complications seem to end with either a repetition
or an equal ending:} Nxg2 (27... Qe5 28. Nxf5 gxf5 29. Qg5+ Kf7 (29... Kh8 30.
Ng4 $8 Rg8 $8 $11) 30. Qh5+ Kg8 31. Qg5+ $11) (27... Re8 28. Nxf5 gxf5 29. Qg5+
Kh8 30. Qf6+ Kg8 31. Qg5+ $11) (27... Qe7 28. d6 Qe5 29. d7 Qd5 30. Qxd5+ Bxd5
31. Bg5 Bxa2 32. d8=Q+ Rxd8 33. Bxd8 {Quite a strange endgame. White has a
piece for two pawns, but very poor piece coordination. Though the engine gives
0.00, in practice this is anyone's game.}) 28. Nxf5 Qf7 (28... gxf5 29. Qg5+
Kh8 30. Qf6+ Kg8 31. Qg5+ $11) 29. Nd6 Qxd5 30. Nxb7 Qxd2 (30... Qxb7 $2 31.
Qc3 $16) 31. Bxd2 Nh4 32. Bg5 Nf5 33. Ng4 {Another equal ending, though it
could be argued that white's pressing. Black has a hard time actvating the
rook for tactical reasons.}) 25... Nf7 26. c4 Nxh6 27. cxd5 Nf7 28. Ne2 Re8 29.
Nf3 Qd6 {[#]} 30. Rd1 $4 {Loses material.} (30. Nc3 $8 Rxe1+ (30... Rd8 31. Re6
$14) 31. Nxe1 $11 b5 32. b3 $1 b4 33. Na4 Bxd5 34. Nd3 $11) 30... Qxd5 31. Qxd5
Bxd5 32. Rxd5 Rxe2 $19 {[#] This endgame should be easily winning. If white
had counterplay it would have been more difficult, but the knight on f7 does a
good job at preventing that.} 33. Nd2 Re1+ 34. Kh2 Rd1 35. Kg3 Kf8 36. Kf3 Ke7
37. Ke2 Ra1 38. a3 Ra2 39. Nc4 b5 40. Nd2 c4 {White resigned.  Apart from a
couple dubious decisions in the early middlegame, my play in this game was
more or less fine.} 0-1